Score 0/16 Timer 02:00
1 Play Today
Question Answer Wrong Answers
It's like déjà vu all over again. Yogi Berra
92.4%
Yoda
3.1%
Try not. Do or do not. There is no try. Yoda
90.4%
Yogi Berra
5.1%
When you come to a fork in the road, take it. Yogi Berra
89.9%
Yoda
5.7%
Mind what you have learned. Save you it can. Yoda
89.5%
Yogi Berra
6.1%
If you can't imitate him, don't copy him. Yogi Berra
89.5%
Yoda
6.2%
If you ask me a question I don't know, I'm not going to answer. Yogi Berra
89%
Yoda
6.6%
Smaller in number we are, but larger in mind. Yoda
88.2%
Yogi Berra
7.5%
We made too many wrong mistakes. Yogi Berra
87.8%
Yoda
7.7%
Size matters not. Look at me. Yoda
87.6%
Yogi Berra
8.1%
I cannot teach him. The boy has no patience. Yoda
86.3%
Yogi Berra
9.2%
We have deep depth. Yogi Berra
85.4%
Yoda
10.1%
You can observe a lot by just watching. Yogi Berra
84.7%
Yoda
10.9%
If the world were perfect, it wouldn't be. Yogi Berra
82.7%
Yoda
13%
You must unlearn what you have learned. Yoda
80.4%
Yogi Berra
15.3%
Train yourself to let go of everything you fear to lose. Yoda
77.6%
Yogi Berra
18%
You will know when you are calm, at peace. Passive. Yoda
72.3%
Yogi Berra
23.4%
Remove Ads.
Support Sporcle.
Get the best of Sporcle when you Go Orange. This ad-free experience offers more features, more stats, and more fun while also helping to support Sporcle. Thank you for becoming a member.

You're not logged in!

Compare scores with friends on all Sporcle quizzes.
OR
Log In

Show Comments

Extras

Top Quizzes Today


Score Distribution

Your Account Isn't Verified!

In order to create a playlist on Sporcle, you need to verify the email address you used during registration. Go to your Sporcle Settings to finish the process.

Report this User

Report this user for behavior that violates our Community Guidelines.

Details: